000 00229nam a2200097Ia 4500
005 20251222120157.0
008 251222s1900||||xx |||||||||||||| ||spa||
082 _aDVD0040/Z98/2006/Ej.2
245 0 _aDiamante de sangre:
942 _cDVD
999 _c2302
_d2302